| 000 | 01057nam0a22002531 4500 | ||
|---|---|---|---|
| 001 | rc\2879705 | ||
| 005 | 20250529213233.0 | ||
| 035 | _a(NLR Aleph) 007032610 | ||
| 090 |
_a6018202 _c6018202 |
||
| 100 | _a20110719d1928 |||y0rusy50 ca | ||
| 101 | 0 | _arus | |
| 102 | _aRU | ||
| 105 | _aa z ||||| | ||
| 200 | 1 |
_aОбработка материалов методологических работ, произведенных на реке Сыр-Дарья зимой 1925 г. _fА.Н. Калмыков, сотр. оп.-иссл. ин-та В.Х. |
|
| 210 |
_a[Ташкент] _cБ. и. _d[1928] _gтипо-литогр. № 2 Узполиграфтреста |
||
| 215 |
_a29-58 с., 1 л. черт. _cчерт. _d26 см |
||
| 300 | _aБез тит. л. и обл. Описано по 1-й с. текста | ||
| 300 | _aОтд. отт. из журн. "Вестник ирригации", 1928, № 8 | ||
| 700 | 1 |
_aКалмыков _bА.Н. |
|
| 801 | 0 |
_aRU _bNLR _gpsbo |
|
| 801 | 1 |
_aRU _bELAR _2rusmarc |
|
| 852 |
_aNLR _j97/1166 |
||
| 942 | _cBOOK | ||
| 980 | _aNB | ||